|
|
|
|
| LEADER |
00000cam a2200000 a 4500 |
| 001 |
vtls001068066 |
| 003 |
SK-MaSNL |
| 005 |
20260301193428.0 |
| 008 |
130621s1991 xo l frnp 00000 slo |
| 015 |
|
|
|a SNBA1991/09
|
| 020 |
|
|
|a 8085175908
|q (brož.)
|
| 035 |
|
|
|a SNK000010896
|
| 040 |
|
|
|a SNK
|b slo
|c SNK
|e AACR2
|
| 041 |
0 |
|
|a slo
|
| 044 |
|
|
|a xo
|c SK
|
| 072 |
|
7 |
|a 636
|x Chov zvierat. Živočíšna výroba
|2 konspekt
|
| 072 |
|
7 |
|a 37.016
|x Učebné osnovy. Vyučovacie predmety. Učebnice
|2 konspekt
|
| 072 |
|
7 |
|a 636.09
|x Veterinárna medicína
|2 konspekt
|
| 080 |
|
|
|a 619:614.9(075.8)
|2 1981
|
| 080 |
|
|
|a 614.9(075.8)
|2 1981
|
| 080 |
|
|
|a 636
|2 1981
|
| 080 |
|
|
|a 619(075.8)
|2 1981
|
| 080 |
|
|
|a 636.1/.5
|2 2001
|
| 080 |
|
|
|a 636.09
|2 2011
|
| 080 |
|
|
|a 636.09:614.9
|2 2011
|
| 080 |
|
|
|a 616-084
|2 2011
|
| 080 |
|
|
|a (075.8)
|2 2011
|
| 100 |
1 |
|
|a Špaček, Antonín
|4 aut
|9 279373
|
| 245 |
1 |
0 |
|a Zoohygiena a prevencia chorôb hospodárskych zvierat 2
|c Antonín Špaček
|
| 250 |
|
|
|a 2. nepreprac. vyd.
|
| 260 |
|
|
|a Nitra
|b Vysoká škola poľnohospodárska
|c 1991
|
| 300 |
|
|
|a 225 s.
|b tab.
|c 29 cm
|
| 366 |
|
|
|e 300 kusov
|
| 500 |
|
|
|a Vydala Vysoká škola poľnohospodárska v Nitre, Agronomická fakulta, Katedra fyziológie a anatómie hospodárskych zvierat
|
| 504 |
|
|
|a Bibliografia na strane 225
|
| 650 |
0 |
7 |
|a hospodárske zvieratá
|2 SNKPH
|9 1097
|
| 650 |
0 |
7 |
|a veterinárna hygiena
|2 SNKPH
|9 69843
|
| 650 |
0 |
7 |
|a prevencia ochorení
|2 SNKPH
|9 69501
|
| 650 |
0 |
7 |
|a choroby hospodárskych zvierat
|2 SNKPH
|9 68493
|
| 655 |
|
7 |
|a učebnice vysokých škôl
|2 SNKPH
|9 70191
|
| 710 |
2 |
|
|a Vysoká škola poľnohospodárska v Nitre.
|b Agronomická fakulta.
|b Katedra prevencie chorôb a rozmnožovania hospodárskych zvierat
|4 pbl
|9 572912
|
| 852 |
|
|
|a Slovenská národná knižnica
|
| 919 |
|
|
|a 80-85175-90-8
|
| 954 |
|
|
|a odborná, vedecká literatúra pôvodná (slovenská)
|2 lita
|
| 958 |
|
|
|a RK
|
| 958 |
|
|
|a TL
|
| 958 |
|
|
|a NB
|
| 958 |
|
|
|a OND
|
| 958 |
|
|
|a UV
|
| 999 |
|
|
|c 877239
|d 879169
|
| 952 |
|
|
|t P60, <04>, [BOOK], {604}
|a SNK
|b SNK
|y VYP
|7 0
|p 17A0117920
|o snkSB 49446/2 D1
|0 0
|1 0
|4 0
|d 1998-01-17
|l 0
|r 2004-12-31 00:00:00
|w 2026-02-24
|
| 952 |
|
|
|a SNK
|b SNK
|y PREZ
|7 0
|p 17A0804145
|o snkSB 49446/2
|0 0
|1 0
|4 0
|d 2012-07-12
|l 0
|r 2025-02-28 00:00:00
|w 2026-02-24
|